| 000 | 00582nam a22001937a 4500 | ||
|---|---|---|---|
| 003 | OSt | ||
| 005 | 20140310181755.0 | ||
| 008 | 130629t xxu||||| |||| 00| 0 eng d | ||
| 020 | _a9789814246026 | ||
| 050 |
_aT 385 _b.Sh545 2008 |
||
| 082 |
_aCS 005.36 _bSh3 2008 |
||
| 100 | _aShelly, Gary B. | ||
| 245 |
_aPresentation program : _bessential concepts and techniques in microsoft powerpoint 2007 / _cGary B. Shelly. |
||
| 260 |
_aSingapore : _bThomson Course Technology, _c2008. |
||
| 300 |
_avi. 160 p. : _c26 cm. |
||
| 942 |
_2lcc _cBK |
||
| 999 |
_c3406 _d3406 |
||